Adatok a méz tárolása illetve szállítás közbeni súlyveszteségéről
Nach den Untersuchungen des Verfassers kann besonders bei Honigen mit höherem Wassergehalt hauptsächlich in der trockenen Sommerperiode ein erheblicher Verlust durch Eintrocknung stattfinden. According to the data of investigations carried out by the author, appreciable losses can take place, due to...
Elmentve itt :
| Szerző: | |
|---|---|
| Dokumentumtípus: | Cikk |
| Megjelent: |
Műszaki Könyvkiadó
Budapest
1961
|
| Sorozat: | Élelmiszervizsgálati közlemények
7 No. 4-5-6 |
| Kulcsszavak: | Élelmiszertárolás, Élelmiszervizsgálat - analitikai kémia - módszer, Élelmiszerkémia - módszer, Méz |
| Tárgyszavak: | |
| Online Access: | http://acta.bibl.u-szeged.hu/81922 |
| LEADER | 01653nab a2200265 i 4500 | ||
|---|---|---|---|
| 001 | acta81922 | ||
| 005 | 20231002144829.0 | ||
| 008 | 231002s1961 hu o 0|| hun d | ||
| 040 | |a SZTE Egyetemi Kiadványok Repozitórium |b hun | ||
| 041 | |a hun | ||
| 041 | |a eng | ||
| 041 | |a ger | ||
| 041 | |a fre | ||
| 041 | |a rus | ||
| 100 | 1 | |a Lásztity Radomir | |
| 245 | 1 | 0 | |a Adatok a méz tárolása illetve szállítás közbeni súlyveszteségéről |h [elektronikus dokumentum] / |c Lásztity Radomir |
| 260 | |a Műszaki Könyvkiadó |b Budapest |c 1961 | ||
| 300 | |a 118-119 | ||
| 490 | 0 | |a Élelmiszervizsgálati közlemények |v 7 No. 4-5-6 | |
| 520 | 3 | |a Nach den Untersuchungen des Verfassers kann besonders bei Honigen mit höherem Wassergehalt hauptsächlich in der trockenen Sommerperiode ein erheblicher Verlust durch Eintrocknung stattfinden. According to the data of investigations carried out by the author, appreciable losses can take place, due to drying, mainly in the case of honeys of higher water content and particularly in the dry summer season. Selon les recherches de Tauteur il peut у avoir une perte considérablo due au desséchement surtout dans le cas des miels a teneur considérable en eau, principalement par un temps estival sec. | |
| 650 | 4 | |a Műszaki és technológiai tudományok | |
| 650 | 4 | |a Egyéb műszaki tudományok és technológiák | |
| 650 | 4 | |a Élelmiszer és italfélék | |
| 695 | |a Élelmiszertárolás, Élelmiszervizsgálat - analitikai kémia - módszer, Élelmiszerkémia - módszer, Méz | ||
| 856 | 4 | 0 | |u http://acta.bibl.u-szeged.hu/81922/1/elelmiszervizsgalati_kozlemenyek_1961_04-05-06_118-119.pdf |z Dokumentum-elérés |